{"text_format":"3","workbook":"xls","n_sheets":4,"sheets":["汇总表","低压工程","景观照明","景观给排水"],"not_rendered":{"external_links":1,"defined_names":5},"read":"whole","date_system":"1900","formulas":"cached_only"}

{"sheet":"汇总表","index":0,"n_rows":7,"n_cols":5,"rows_kept":7,"merged":[[0,0,0,4],[6,0,6,4]],"flags":["formulas_cached_only"]}
["2023年“H”项目水电安装工程\n采购控制价"]
["序号","项目名称","采购控制价\n（元）","投标报价\n（元）","备注"]
[1,"低压工程",271893.09,{"v":0,"d":"0.00"}]
[2,"景观照明工程",747543.43,{"v":0,"d":"0.00"}]
[3,"景观给排水工程",1839539.94,{"v":0,"d":"0.00"}]
[4,"合计：",2858976.46,{"v":0,"d":"0.00"}]
["特别说明：\n1、工程招标和分包范围：本工程所属范围的低压工程、景观照明、给排水及消防设施安装。包括：本工程设计施工图、图纸会审、设计变更、技术核定单中的园林景观土建部分工程所有施工工作内容，管材、电缆、灯具甲供，其余材料由投标人提供；\n2.投标人根据施工工艺、工序及国家现行规范自行踏勘现场后综合考虑进行报价，结算时不作调整;\n3.全费用综合单价包含人工费、所有材料费（含辅材和周转材料费）、机械设备费、工具器具费、临时设施及措施费、大型机械进出场及场内转运费、下车费、吊装费、规费、管理费、配合费、安全文明施工费、以及各种风险费、保险费、施工过程中办理的各种手续费、降水费、排水费、各种检测费、利润、税费等完成该工作所需的全部费用，结算时无论涨跌、工程量增减或其它任何风险因素，均不作调整。。\n4.施工中所用临时配电箱、用电线路、开关箱、机具等从建设方提供的接口处接出，所有材料、设备及安装费用含在综合单价中。"]

{"sheet":"低压工程","index":1,"n_rows":43,"n_cols":10,"rows_kept":43,"merged":[[0,0,0,9],[1,0,2,0],[1,1,2,1],[1,2,2,2],[1,3,2,3],[1,4,2,4],[1,5,1,6],[1,7,2,7],[1,8,2,8],[1,9,2,9],[42,0,42,5]],"flags":["formulas_cached_only"]}
["2023年“H”项目水电安装工程--低压工程"]
["序号","项目名称","项目特征描述","计量\r\n单位","工程量","采购控制价（元）",null,"班组所报全费用单价（元）","合价（元）","备注"]
["","","","","","综合单价","合价"]
[" ",null,"高压工程"," "," "]
[1,"挖沟槽土石方","1.土壤类别 ：土石综合考虑\n2.开挖或开凿深度：按设计要求\n3.基底摊座要求：综合，由投标人综合考虑\n4.开挖方式、装土方式：综合，由投标人综合考虑\n5.土、石渣场内运输方式及运距：投标人自行确定\n6.做法：满足设计及现行施工技术、质量验收规范要求\n7.综合单价含完成该工作所需的人工，材料（含主材、辅材、周转材料），机械费（含机械的进出场费），措施费（安全文明施工费、季节性施工、临时设施、夜间施工、二次搬运等）、规费、税金等所有相关费用。","m3","301.98",15,4529.7,null,0]
[2,"回填方","1.填方材料品种：综合，但需满足设计要求\n2.密实度：回填土分层夯填，压实系数满足设计要求\n3.回填土来源、装土方式及场内外运输方式、运距：投标人自行确定\n4.其他：满足石方回填要求的石方大改小费用含在该单价中，由投标人综合考虑\n5.做法：满足设计及现行施工技术、质量验收规范要求\n6.综合单价含完成该工作所需的人工，材料（含主材、辅材、周转材料），机械费（含机械的进出场费），措施费（安全文明施工费、季节性施工、临时设施、夜间施工、二次搬运等）、规费、税金等所有相关费用。","m3","173.51",5,867.55,null,0]
[3,"余方弃置","1.废弃料品种：土方、石方综合（含淤泥），以及现场建(废)渣综合\n2.装取土方式：综合\n3.弃土、石（渣）场及场外运距：投标人自行踏勘现场考虑、自主确定弃土、石场及运距（含弃渣、土、石场费用、弃土费）\n4.做法：满足设计及现行施工技术、质量验收规范要求\n5.综合单价含完成该工作所需的人工，材料（含主材、辅材、周转材料），机械费（含机械的进出场费），措施费（安全文明施工费、季节性施工、临时设施、夜间施工、二次搬运等）、规费、税金等所有相关费用。","m3",17.44,10,174.4,null,0]
[4,"C20混凝土包封垫层","1.混凝土强度等级：C20商品砼，混凝土泵送方式综合考虑，费用不在另计；\n2.具体要求满足施工图设计及规范验收要求。\n3.综合单价含完成该工作所需的人工，材料（含主材、辅材、周转材料），机械费（含机械的进出场费），措施费（安全文明施工费、季节性施工、临时设施、夜间施工、二次搬运等）、规费、税金等所有相关费用。","m3","85",441.7,37544.5,null,0]
[5,"沙垫层","1.垫层材料种类、配合比、厚度：100厚细沙垫层；\n2.具体要求满足施工图设计及规范验收要求。\n3.综合单价含完成该工作所需的人工，材料（含主材、辅材、周转材料），机械费（含机械的进出场费），措施费（安全文明施工费、季节性施工、临时设施、夜间施工、二次搬运等）、规费、税金等所有相关费用。","m3","26.03",155,4034.65,null,0]
[6,"φ160CPVC电缆保护管","1.名称、材质、规格：刚性塑料管PVCφ160（管材甲供）\n2.具体做法：满足设计及现行施工技术、质量验收规范要求。\n3.综合单价含完成该工作所需的人工，材料（含主材、辅材、周转材料），机械费（含机械的进出场费），措施费（安全文明施工费、季节性施工、临时设施、夜间施工、二次搬运等）、规费、税金等所有相关费用。","m","433.88",6,2603.28,null,0]
[7,"ZR-YJV22-8.7/15kV-3×185mm²电力电缆 ","1.名称：电力电缆； \n2.型号、规格、材质：ZR-YJV22-8.7/15kV-3×185mm²（电缆甲供）；\n3.敷设方式 ：穿管、埋地暗敷；\n4.具体做法：满足设计及现行施工技术、质量验收规范要求。\n5.综合单价含完成该工作所需的人工，材料（含主材、辅材、周转材料），机械费（含机械的进出场费），措施费（安全文明施工费、季节性施工、临时设施、夜间施工、二次搬运等）、规费、税金等所有相关费用。","m","167.38",15,2510.7,null,0]
[8,"ZR-YJV22-8.7/15kV-3×70mm² ","1.名称：电力电缆； \n2.型号、规格、材质：ZR-YJV22-8.7/15kV-3×70mm² （电缆甲供）；\n3.敷设方式 ：穿管、埋地暗敷；\n4.具体做法：满足设计及现行施工技术、质量验收规范要求。\n5.综合单价含完成该工作所需的人工，材料（含主材、辅材、周转材料），机械费（含机械的进出场费），措施费（安全文明施工费、季节性施工、临时设施、夜间施工、二次搬运等）、规费、税金等所有相关费用。","m","3.46",15,51.9,null,0]
[" ",null,"分部小计："," "," ",null,52316.68,null,0]
[" ",null,"低压工程"," "," "]
[9,"挖沟槽土石方","1.土壤类别 ：土石综合考虑\n2.开挖或开凿深度：按设计要求\n3.基底摊座要求：综合，由投标人综合考虑\n4.开挖方式、装土方式：综合，由投标人综合考虑\n5.土、石渣场内运输方式及运距：投标人自行确定\n6.做法：满足设计及现行施工技术、质量验收规范要求","m3",2196,15,32940,null,0]
[10,"回填方","1.填方材料品种：综合，但需满足设计要求\n2.密实度：回填土分层夯填，压实系数满足设计要求\n3.回填土来源、装土方式及场内外运输方式、运距：投标人自行确定\n4.其他：满足石方回填要求的石方大改小费用含在该单价中，由投标人综合考虑\n5.做法：满足设计及现行施工技术、质量验收规范要求","m3",2101,5,10505,null,0]
[11,"余方弃置","1.废弃料品种：土方、石方综合（含淤泥），以及现场建(废)渣综合\n2.装取土方式：综合\n3.弃土、石（渣）场及场外运距：投标人自行踏勘现场考虑、自主确定弃土、石场及运距（含弃渣、土、石场费用、弃土费）\n4.做法：满足设计及现行施工技术、质量验收规范要求","m3",95,10,950,null,0]
[12,"50厚C15混凝土垫层","1.混凝土强度等级：C15商品砼，混凝土泵送方式综合考虑，费用不在另计；\n2.具体要求满足施工图设计及规范验收要求。","m3",1,418.1,418.1,null,0]
[13,"电缆保护管UPVC65","1.名称、材质、规格：刚性塑料管UPVCφ65（管材甲供）\n2.具体做法：满足设计及现行施工技术、质量验收规范要求。\n3.综合单价含完成该工作所需的人工，材料（含主材、辅材、周转材料），机械费（含机械的进出场费），措施费（安全文明施工费、季节性施工、临时设施、夜间施工、二次搬运等）、规费、税金等所有相关费用。","m","5097.4",4,20389.6,null,0]
[14,"电缆保护管UPVC100","1.名称、材质、规格：刚性塑料管UPVCφ100（管材甲供）\n2.具体做法：满足设计及现行施工技术、质量验收规范要求。\n3.综合单价含完成该工作所需的人工，材料（含主材、辅材、周转材料），机械费（含机械的进出场费），措施费（安全文明施工费、季节性施工、临时设施、夜间施工、二次搬运等）、规费、税金等所有相关费用。","m","1076.9",4,4307.6,null,0]
[15,"电缆保护管UPVC150","1.名称、材质、规格：刚性塑料管UPVCφ150（管材甲供）\n2.具体做法：满足设计及现行施工技术、质量验收规范要求。\n3.综合单价含完成该工作所需的人工，材料（含主材、辅材、周转材料），机械费（含机械的进出场费），措施费（安全文明施工费、季节性施工、临时设施、夜间施工、二次搬运等）、规费、税金等所有相关费用。","m","2949.3",5.5,16221.15,null,0]
[16,"电缆保护管UPVC160","1.名称、材质、规格：刚性塑料管PVCφ160（管材甲供）\n2.具体做法：满足设计及现行施工技术、质量验收规范要求。\n3.综合单价含完成该工作所需的人工，材料（含主材、辅材、周转材料），机械费（含机械的进出场费），措施费（安全文明施工费、季节性施工、临时设施、夜间施工、二次搬运等）、规费、税金等所有相关费用。","m","457.2",5.5,2514.6,null,0]
[17,"电缆保护管SC65","1.名称、材质、规格：镀锌钢管φ65（管材甲供）\n2.具体做法：满足设计及现行施工技术、质量验收规范要求。\n3.综合单价含完成该工作所需的人工，材料（含主材、辅材、周转材料），机械费（含机械的进出场费），措施费（安全文明施工费、季节性施工、临时设施、夜间施工、二次搬运等）、规费、税金等所有相关费用。","m","65.16",12,781.92,null,0]
[18,"电缆保护管SC40","1.名称、材质、规格：镀锌钢管φ40（管材甲供）\n2.具体做法：满足设计及现行施工技术、质量验收规范要求。\n3.综合单价含完成该工作所需的人工，材料（含主材、辅材、周转材料），机械费（含机械的进出场费），措施费（安全文明施工费、季节性施工、临时设施、夜间施工、二次搬运等）、规费、税金等所有相关费用。","m","88.72",12,1064.64,null,0]
[19,"电缆保护管SC150","1.名称、材质、规格：镀锌钢管φ150（管材甲供）\n2.具体做法：满足设计及现行施工技术、质量验收规范要求。\n3.综合单价含完成该工作所需的人工，材料（含主材、辅材、周转材料），机械费（含机械的进出场费），措施费（安全文明施工费、季节性施工、临时设施、夜间施工、二次搬运等）、规费、税金等所有相关费用。","m","406.8",17,6915.6,null,0]
[20,"电缆保护管SC100","1.名称、材质、规格：镀锌钢管φ100（管材甲供）\n2.具体做法：满足设计及现行施工技术、质量验收规范要求。\n3.综合单价含完成该工作所需的人工，材料（含主材、辅材、周转材料），机械费（含机械的进出场费），措施费（安全文明施工费、季节性施工、临时设施、夜间施工、二次搬运等）、规费、税金等所有相关费用。","m","53.5",17,909.5,null,0]
[21,"YJV-(4x25+1x16)","1.名称：电力电缆； \n2.型号、规格、材质：YJV-0.6/1KV-4x25+1x16（电缆甲供）；\n3.敷设方式 ：穿管、埋地暗敷；\n4.具体做法：满足设计及现行施工技术、质量验收规范要求。\n5.综合单价含完成该工作所需的人工，材料（含主材、辅材、周转材料），机械费（含机械的进出场费），措施费（安全文明施工费、季节性施工、临时设施、夜间施工、二次搬运等）、规费、税金等所有相关费用。","m","729.44",12,8753.28,null,0]
[22,"YJV-(5x16)","1.名称：电力电缆； \n2.型号、规格、材质：YJV-0.6/1KV-(5x16)（电缆甲供）；\n3.敷设方式 ：穿管、埋地暗敷；\n4.具体做法：满足设计及现行施工技术、质量验收规范要求。\n5.综合单价含完成该工作所需的人工，材料（含主材、辅材、周转材料），机械费（含机械的进出场费），措施费（安全文明施工费、季节性施工、临时设施、夜间施工、二次搬运等）、规费、税金等所有相关费用。","m","150.3",12,1803.6,null,0]
[23,"YJV-(4x95+1x50)","1.名称：电力电缆； \n2.型号、规格、材质：YJV-0.6/1KV-(4x95+1x50)（电缆甲供）；\n3.敷设方式 ：穿管、埋地暗敷；\n4.具体做法：满足设计及现行施工技术、质量验收规范要求。\n5.综合单价含完成该工作所需的人工，材料（含主材、辅材、周转材料），机械费（含机械的进出场费），措施费（安全文明施工费、季节性施工、临时设施、夜间施工、二次搬运等）、规费、税金等所有相关费用。","m","128.9",15,1933.5,null,0]
[24,"YJV-(5x10)","1.名称：电力电缆； \n2.型号、规格、材质：YJV-0.6/1KV-(5x10)（电缆甲供）；\n3.敷设方式 ：穿管、埋地暗敷；\n4.具体做法：满足设计及现行施工技术、质量验收规范要求。\n5.综合单价含完成该工作所需的人工，材料（含主材、辅材、周转材料），机械费（含机械的进出场费），措施费（安全文明施工费、季节性施工、临时设施、夜间施工、二次搬运等）、规费、税金等所有相关费用。","m","588.05",10,5880.5,null,0]
[25,"YJV-(5x4)","1.名称：电力电缆； \n2.型号、规格、材质：YJV-0.6/1KV-(5x4)（电缆甲供）；\n3.敷设方式 ：穿管、埋地暗敷；\n4.具体做法：满足设计及现行施工技术、质量验收规范要求。\n5.综合单价含完成该工作所需的人工，材料（含主材、辅材、周转材料），机械费（含机械的进出场费），措施费（安全文明施工费、季节性施工、临时设施、夜间施工、二次搬运等）、规费、税金等所有相关费用。","m","845",8,6760,null,0]
[26,"YJV-(4x185+1x95)","1.名称：电力电缆； \n2.型号、规格、材质：YJV-0.6/1KV-(4x185+1x95)（电缆甲供）；\n3.敷设方式 ：穿管、埋地暗敷；\n4.具体做法：满足设计及现行施工技术、质量验收规范要求。\n5.综合单价含完成该工作所需的人工，材料（含主材、辅材、周转材料），机械费（含机械的进出场费），措施费（安全文明施工费、季节性施工、临时设施、夜间施工、二次搬运等）、规费、税金等所有相关费用。","m","101.57",18,1828.26,null,0]
[27,"YJV-0.6/1.0kV-4x10","1.名称：电力电缆； \n2.型号、规格、材质：YJV-0.6/1KV-4x10（电缆甲供）；\n3.敷设方式 ：穿管、埋地暗敷；\n4.具体做法：满足设计及现行施工技术、质量验收规范要求。\n5.综合单价含完成该工作所需的人工，材料（含主材、辅材、周转材料），机械费（含机械的进出场费），措施费（安全文明施工费、季节性施工、临时设施、夜间施工、二次搬运等）、规费、税金等所有相关费用。","m","345.98",12,4151.76,null,0]
[28,"YJV-0.6/1.0kV-4x35","1.名称：电力电缆； \n2.型号、规格、材质：YJV-0.6/1KV-4x35（电缆甲供）；\n3.敷设方式 ：穿管、埋地暗敷；\n4.具体做法：满足设计及现行施工技术、质量验收规范要求。\n5.综合单价含完成该工作所需的人工，材料（含主材、辅材、周转材料），机械费（含机械的进出场费），措施费（安全文明施工费、季节性施工、临时设施、夜间施工、二次搬运等）、规费、税金等所有相关费用。","m","325.5",12,3906,null,0]
[29,"YJV-0.6/1.0kV-4x150","1.名称：电力电缆； \n2.型号、规格、材质：YJV-0.6/1KV-4x150（电缆甲供）；\n3.敷设方式 ：穿管、埋地暗敷；\n4.具体做法：满足设计及现行施工技术、质量验收规范要求。\n5.综合单价含完成该工作所需的人工，材料（含主材、辅材、周转材料），机械费（含机械的进出场费），措施费（安全文明施工费、季节性施工、临时设施、夜间施工、二次搬运等）、规费、税金等所有相关费用。","m","257.6",18,4636.8,null,0]
[30,"YJV-0.6/1.0kV-4x50+1x25","1.名称：电力电缆； \n2.型号、规格、材质：YJV-0.6/1KV-4x50+1x25（电缆甲供）；\n3.敷设方式 ：穿管、埋地暗敷；\n4.具体做法：满足设计及现行施工技术、质量验收规范要求。\n5.综合单价含完成该工作所需的人工，材料（含主材、辅材、周转材料），机械费（含机械的进出场费），措施费（安全文明施工费、季节性施工、临时设施、夜间施工、二次搬运等）、规费、税金等所有相关费用。","m","243",15,3645,null,0]
[31,"YJV-(4x150+1x70)","1.名称：电力电缆； \n2.型号、规格、材质：YJV-0.6/1KV-(4x150+1x70)（电缆甲供）；\n3.敷设方式 ：穿管、埋地暗敷；\n4.具体做法：满足设计及现行施工技术、质量验收规范要求。\n5.综合单价含完成该工作所需的人工，材料（含主材、辅材、周转材料），机械费（含机械的进出场费），措施费（安全文明施工费、季节性施工、临时设施、夜间施工、二次搬运等）、规费、税金等所有相关费用。","m","5",18,90,null,0]
[32,"YJV-0.6/1.0kV-4x240+1x120","1.名称：电力电缆； \n2.型号、规格、材质：YJV-0.6/1KV-4x240+1x120（电缆甲供）；\n3.敷设方式 ：穿管、埋地暗敷；\n4.具体做法：满足设计及现行施工技术、质量验收规范要求。\n5.综合单价含完成该工作所需的人工，材料（含主材、辅材、周转材料），机械费（含机械的进出场费），措施费（安全文明施工费、季节性施工、临时设施、夜间施工、二次搬运等）、规费、税金等所有相关费用。","m","0",20,0,null,0]
[33,"强电手孔井","1.垫层、基础材质及厚度：100厚C20混凝土垫层；\n2.砌筑材料品种、规格、强度等级：MU20烧结普通砖； \n3.勾缝、抹面要求：井壁内外用1:2.5水泥砂浆抹面； \n4.砂浆强度等级、配合比：M7.5水泥砂浆砌筑； \n5.混凝土强度等级：盖板采用C20混凝土,HRB335钢筋； \n6.盖板材质、规格：铸铁井盖φ700 （井盖甲供）\n7.接地要求：设置一根L50*50*5*1800热镀锌角钢接地极与电缆沟内扁铁连接；\n8.具体做法：满足设计及现行施工技术、质量验收规范要求。\n9.综合单价含完成该工作所需的人工，材料（含主材、辅材、周转材料），机械费（含机械的进出场费），措施费（安全文明施工费、季节性施工、临时设施、夜间施工、二次搬运等）、规费、税金等所有相关费用。","座",49,1500,73500,null,0,"=DISPIMG(\"ID_87BBBCFBD190466E8C2227B9F2F4B384\",1)"]
[34,"150*150*800mm电缆标识桩","1.规格尺寸：150*150*800mm（标示桩甲供）\n2.埋地深度：350mm；\n3.具体做法：满足设计及现行施工技术、质量验收规范要求。","根","22",35,770,null,0]
[35,"控制箱安装","1.名称：控制箱（控制箱甲供）\n2.型号、规格 ：规格综合； \n3.包含工作内容：配电箱基础、接地、配电箱安装涉及的所有工作。\n4.基础形式、材质、规格：100厚C20混凝土垫层，M7.5水泥砂浆MU10标砖砌配电箱基础，200*260C20混凝土压顶；\n5.接线端子材质、规格：40x4 镀锌扁钢连接L50x5 角钢； \n6.其余做法：满足设计及现行施工技术、质量验收规范要求\n7.综合单价含完成该工作所需的人工，材料（含主材、辅材、周转材料），机械费（含机械的进出场费），措施费（安全文明施工费、季节性施工、临时设施、夜间施工、二次搬运等）、规费、税金等所有相关费用。","台",8,500,4000,null,0]
[" ",null,"分部小计： "," "," ",null,219576.41,null,0]
["合    计","","","","","",271893.09,null,0]

{"sheet":"景观照明","index":2,"n_rows":48,"n_cols":11,"rows_kept":48,"merged":[[0,0,0,9],[1,0,2,0],[1,1,2,1],[1,2,2,2],[1,3,2,3],[1,4,2,4],[1,5,1,6],[1,7,2,7],[1,8,2,8],[1,9,2,9],[47,0,47,5]],"flags":["formulas_cached_only"]}
["2023年“H”项目水电安装工程--景观照明工程"]
["序号","项目名称","项目特征描述","计量\r\n单位","工程量","招标控制价（元）",null,"班组所报全费用单价（元）","合价（元）","备注"]
["","","","","","综合单价","合价"]
[null,null,"土石方工程"]
["1","挖沟槽土石方","1.土壤类别 ：土石综合考虑\n2.开挖或开凿深度：按设计要求\n3.基底摊座要求：综合，由投标人综合考虑\n4.开挖方式、装土方式：综合，由投标人综合考虑\n5.土、石渣场内运输方式及运距：投标人自行确定\n6.做法：满足设计及现行施工技术、质量验收规范要求\n7.综合单价含完成该工作所需的人工，材料（含主材、辅材、周转材料），机械费（含机械的进出场费），措施费（安全文明施工费、季节性施工、临时设施、夜间施工、二次搬运等）、规费、税金等所有相关费用。","m3","3235.15",{"v":15,"d":"15.00"},48527.25,null,{"v":0,"d":"0.00"}]
["2","回填方","1.填方材料品种：综合，但需满足设计要求\n2.密实度：回填土分层夯填，压实系数满足设计要求\n3.回填土来源、装土方式及场内外运输方式、运距：投标人自行确定\n4.其他：满足石方回填要求的石方大改小费用含在该单价中，由投标人综合考虑\n5.做法：满足设计及现行施工技术、质量验收规范要求\n6.综合单价含完成该工作所需的人工，材料（含主材、辅材、周转材料），机械费（含机械的进出场费），措施费（安全文明施工费、季节性施工、临时设施、夜间施工、二次搬运等）、规费、税金等所有相关费用。","m3","2804.08",{"v":5,"d":"5.00"},{"v":14020.4,"d":"14020.40"},null,{"v":0,"d":"0.00"}]
[3,"余方弃置","1.废弃料品种：土方、石方综合（含淤泥），以及现场建(废)渣综合\n2.装取土方式：综合\n3.弃土、石（渣）场及场外运距：投标人自行踏勘现场考虑、自主确定弃土、石场及运距（含弃渣、土、石场费用、弃土费）\n4.做法：满足设计及现行施工技术、质量验收规范要求\n5.综合单价含完成该工作所需的人工，材料（含主材、辅材、周转材料），机械费（含机械的进出场费），措施费（安全文明施工费、季节性施工、临时设施、夜间施工、二次搬运等）、规费、税金等所有相关费用。","m3","431.08",{"v":10,"d":"10.00"},{"v":4310.8,"d":"4310.80"},null,{"v":0,"d":"0.00"}]
[4,"50厚C15混凝土垫层","1.混凝土强度等级：C15商品砼，混凝土泵送方式综合考虑，费用不在另计；\n2.具体要求满足施工图设计及规范验收要求。\n3.综合单价含完成该工作所需的人工，材料（含主材、辅材、周转材料），机械费（含机械的进出场费），措施费（安全文明施工费、季节性施工、临时设施、夜间施工、二次搬运等）、规费、税金等所有相关费用。","m3","116.51",{"v":418.1,"d":"418.10"},48712.83,null,{"v":0,"d":"0.00"}]
["5","铺砂、盖保护板（砖）电缆1～2根","1.种类 ：铺黄砂、盖砖（标准砖）保护；\n2.规格：预埋电缆管2根以内；\n3.具体要求满足施工图设计及规范验收要求。\n4.综合单价含完成该工作所需的人工，材料（含主材、辅材、周转材料），机械费（含机械的进出场费），措施费（安全文明施工费、季节性施工、临时设施、夜间施工、二次搬运等）、规费、税金等所有相关费用。","m","6691.79",{"v":18,"d":"18.00"},120452.22,null,{"v":0,"d":"0.00"}]
["6","铺砂、盖保护板（砖）电缆3根","1.种类 ：铺黄砂、盖砖（标准砖）保护；\n2.规格：预埋电缆管3根；\n3.具体要求满足施工图设计及规范验收要求。\n4.综合单价含完成该工作所需的人工，材料（含主材、辅材、周转材料），机械费（含机械的进出场费），措施费（安全文明施工费、季节性施工、临时设施、夜间施工、二次搬运等）、规费、税金等所有相关费用。","m","333.32",{"v":25,"d":"25.00"},{"v":8333,"d":"8333.00"},null,{"v":0,"d":"0.00"}]
["7","铺砂、盖保护板（砖）电缆5根","1.种类 ：铺黄砂、盖砖（标准砖）保护；\n2.规格：预埋电缆管5根；\n3.具体要求满足施工图设计及规范验收要求。4.综合单价含完成该工作所需的人工，材料（含主材、辅材、周转材料），机械费（含机械的进出场费），措施费（安全文明施工费、季节性施工、临时设施、夜间施工、二次搬运等）、规费、税金等所有相关费用。","m","92.66",{"v":40,"d":"40.00"},{"v":3706.4,"d":"3706.40"},null,{"v":0,"d":"0.00"}]
["8","铺砂、盖保护板（砖）电缆6根","1.种类 ：铺黄砂、盖砖（标准砖）保护；\n2.规格：预埋电缆管6根；\n3.具体要求满足施工图设计及规范验收要求。4.综合单价含完成该工作所需的人工，材料（含主材、辅材、周转材料），机械费（含机械的进出场费），措施费（安全文明施工费、季节性施工、临时设施、夜间施工、二次搬运等）、规费、税金等所有相关费用。","m","92.66",{"v":45,"d":"45.00"},{"v":4169.7,"d":"4169.70"},null,{"v":0,"d":"0.00"}]
["9","铺砂、盖保护板（砖）电缆7根","1.种类 ：铺黄砂、盖砖（标准砖）保护；\n2.规格：预埋电缆管7根；\n3.具体要求满足施工图设计及规范验收要求。4.综合单价含完成该工作所需的人工，材料（含主材、辅材、周转材料），机械费（含机械的进出场费），措施费（安全文明施工费、季节性施工、临时设施、夜间施工、二次搬运等）、规费、税金等所有相关费用。","m","70",{"v":54,"d":"54.00"},{"v":3780,"d":"3780.00"},null,{"v":0,"d":"0.00"}]
["10","铺砂、盖保护板（砖）电缆10根","1.种类 ：铺黄砂、盖砖（标准砖）保护；\n2.规格：预埋电缆管10根；\n3.具体要求满足施工图设计及规范验收要求。4.综合单价含完成该工作所需的人工，材料（含主材、辅材、周转材料），机械费（含机械的进出场费），措施费（安全文明施工费、季节性施工、临时设施、夜间施工、二次搬运等）、规费、税金等所有相关费用。","m","365.08",{"v":74,"d":"74.00"},27015.92,null,{"v":0,"d":"0.00"}]
["11","铺砂、盖保护板（砖）电缆11根","1.种类 ：铺黄砂、盖砖（标准砖）保护；\n2.规格：预埋电缆管11根；\n3.具体要求满足施工图设计及规范验收要求。4.综合单价含完成该工作所需的人工，材料（含主材、辅材、周转材料），机械费（含机械的进出场费），措施费（安全文明施工费、季节性施工、临时设施、夜间施工、二次搬运等）、规费、税金等所有相关费用。","m","8.8",{"v":82,"d":"82.00"},{"v":721.6,"d":"721.60"},null,{"v":0,"d":"0.00"}]
["12","铺砂、盖保护板（砖）电缆12根","1.种类 ：铺黄砂、盖砖（标准砖）保护；\n2.规格：预埋电缆管12根；\n3.具体要求满足施工图设计及规范验收要求。4.综合单价含完成该工作所需的人工，材料（含主材、辅材、周转材料），机械费（含机械的进出场费），措施费（安全文明施工费、季节性施工、临时设施、夜间施工、二次搬运等）、规费、税金等所有相关费用。","m","18",{"v":88,"d":"88.00"},{"v":1584,"d":"1584.00"},null,{"v":0,"d":"0.00"}]
["13","铺砂、盖保护板（砖）电缆18根","1.种类 ：铺黄砂、盖砖（标准砖）保护；\n2.规格：预埋电缆管18根；\n3.具体要求满足施工图设计及规范验收要求。4.综合单价含完成该工作所需的人工，材料（含主材、辅材、周转材料），机械费（含机械的进出场费），措施费（安全文明施工费、季节性施工、临时设施、夜间施工、二次搬运等）、规费、税金等所有相关费用。","m","40.9",{"v":130,"d":"130.00"},{"v":5317,"d":"5317.00"},null,{"v":0,"d":"0.00"}]
["14","铺砂、盖保护板（砖）电缆19根","1.种类 ：铺黄砂、盖砖（标准砖）保护；\n2.规格：预埋电缆管19根；\n3.具体要求满足施工图设计及规范验收要求。4.综合单价含完成该工作所需的人工，材料（含主材、辅材、周转材料），机械费（含机械的进出场费），措施费（安全文明施工费、季节性施工、临时设施、夜间施工、二次搬运等）、规费、税金等所有相关费用。","m","36.1",{"v":138,"d":"138.00"},{"v":4981.8,"d":"4981.80"},null,{"v":0,"d":"0.00"}]
["15","铺砂、盖保护板（砖）电缆22根","1.种类 ：铺黄砂、盖砖（标准砖）保护；\n2.规格：预埋电缆管22根；\n3.具体要求满足施工图设计及规范验收要求。4.综合单价含完成该工作所需的人工，材料（含主材、辅材、周转材料），机械费（含机械的进出场费），措施费（安全文明施工费、季节性施工、临时设施、夜间施工、二次搬运等）、规费、税金等所有相关费用。","m","1.14",{"v":156,"d":"156.00"},177.84,null,{"v":0,"d":"0.00"}]
[null,null,"分部小计：",{"$nulls":3},295810.76,null,{"v":0,"d":"0.00"}]
[null,null,"电缆及设备安装工程"]
["16","景观照明配电箱","1.名称：景观照明配电箱（配电箱甲供）\n2.型号、规格 ：规格综合； \n3.包含工作内容：配电箱基础、接地、配电箱安装涉及的所有工作。\n4.基础形式、材质、规格：100厚C20混凝土垫层，M7.5水泥砂浆MU10标砖砌配电箱基础，200*260C20混凝土压顶；\n5.接线端子材质、规格：40x4 镀锌扁钢连接L50x5 角钢； \n6.其余做法：满足设计及现行施工技术、质量验收规范要求\n7.综合单价含完成该工作所需的人工，材料（含主材、辅材、周转材料），机械费（含机械的进出场费），措施费（安全文明施工费、季节性施工、临时设施、夜间施工、二次搬运等）、规费、税金等所有相关费用。","台",8,{"v":500,"d":"500.00"},{"v":4000,"d":"4000.00"},null,{"v":0,"d":"0.00"},"=DISPIMG(\"ID_15FB46FBB16A484EB4BC07A154B42DBB\",1)","=DISPIMG(\"ID_D21F548BEFC5469FADCA721B4BBE7BD0\",1)"]
[17,"电力电缆YJV-4*70+1*35","1.名称：电力电缆； \n2.型号、规格、材质：YJV-0.6/1KV-4*70+1*35（电缆甲供）；\n3.敷设方式 ：穿管、埋地暗敷；\n4.具体做法：满足设计及现行施工技术、质量验收规范要求。\n5.综合单价含完成该工作所需的人工，材料（含主材、辅材、周转材料），机械费（含机械的进出场费），措施费（安全文明施工费、季节性施工、临时设施、夜间施工、二次搬运等）、规费、税金等所有相关费用。","m","200",{"v":12,"d":"12.00"},{"v":2400,"d":"2400.00"},null,{"v":0,"d":"0.00"}]
["17","电力电缆YJV-4*25+1*16","1.名称：电力电缆； \n2.型号、规格、材质：YJV-0.6/1KV-4*25+1*16（电缆甲供）；\n3.敷设方式 ：穿管、埋地暗敷；\n4.具体做法：满足设计及现行施工技术、质量验收规范要求。\n5.综合单价含完成该工作所需的人工，材料（含主材、辅材、周转材料），机械费（含机械的进出场费），措施费（安全文明施工费、季节性施工、临时设施、夜间施工、二次搬运等）、规费、税金等所有相关费用。","m",280,{"v":12,"d":"12.00"},{"v":3360,"d":"3360.00"},null,{"v":0,"d":"0.00"}]
[18,"电力电缆YJV-5*16","1.名称：电力电缆； \n2.型号、规格、材质：YJV-0.6/1KV-5*16（电缆甲供）；\n3.敷设方式 ：穿管、埋地暗敷；\n4.具体做法：满足设计及现行施工技术、质量验收规范要求。\n5.综合单价含完成该工作所需的人工，材料（含主材、辅材、周转材料），机械费（含机械的进出场费），措施费（安全文明施工费、季节性施工、临时设施、夜间施工、二次搬运等）、规费、税金等所有相关费用。","m","200",{"v":12,"d":"12.00"},{"v":2400,"d":"2400.00"},null,{"v":0,"d":"0.00"}]
["18","电力电缆YJV-5*6","1.名称：电力电缆； \n2.型号、规格、材质：YJV-0.6/1KV-5*6（电缆甲供）；\n3.敷设方式 ：穿管、埋地暗敷；\n4.具体做法：满足设计及现行施工技术、质量验收规范要求。\n5.综合单价含完成该工作所需的人工，材料（含主材、辅材、周转材料），机械费（含机械的进出场费），措施费（安全文明施工费、季节性施工、临时设施、夜间施工、二次搬运等）、规费、税金等所有相关费用。","m","150",{"v":10,"d":"10.00"},{"v":1500,"d":"1500.00"},null,{"v":0,"d":"0.00"}]
[19,"电力电缆YJV-3x6","1.名称：电力电缆； \n2.型号、规格、材质：YJV-0.6/1KV-3x6（电缆甲供）；\n3.敷设方式 ：穿管、埋地暗敷；\n4.具体做法：满足设计及现行施工技术、质量验收规范要求。\n5.综合单价含完成该工作所需的人工，材料（含主材、辅材、周转材料），机械费（含机械的进出场费），措施费（安全文明施工费、季节性施工、临时设施、夜间施工、二次搬运等）、规费、税金等所有相关费用。","m",16638.24,{"v":8,"d":"8.00"},133105.92,null,{"v":0,"d":"0.00"}]
["19","配线 RVV-2x4","1.名称：阻燃聚氯乙烯绝缘聚氯乙烯护套软电缆； \n2.型号、规格、材质：ZR-RVV-(2*4)（电缆甲供）；\n3.敷设方式 ：穿管、埋地暗敷；\n4.具体做法：满足设计及现行施工技术、质量验收规范要求。\n5.综合单价含完成该工作所需的人工，材料（含主材、辅材、周转材料），机械费（含机械的进出场费），措施费（安全文明施工费、季节性施工、临时设施、夜间施工、二次搬运等）、规费、税金等所有相关费用。","m",3024.09,{"v":1.2,"d":"1.20"},3628.91,null,{"v":0,"d":"0.00"}]
[20,"配管 PVC管φ80","1.名称、材质、规格：刚性塑料管PVCφ80（管材甲供）\n2.具体做法：满足设计及现行施工技术、质量验收规范要求。\n3.综合单价含完成该工作所需的人工，材料（含主材、辅材、周转材料），机械费（含机械的进出场费），措施费（安全文明施工费、季节性施工、临时设施、夜间施工、二次搬运等）、规费、税金等所有相关费用。","m",380,{"v":4,"d":"4.00"},{"v":1520,"d":"1520.00"},null,{"v":0,"d":"0.00"}]
["20","配管 PVC管φ40","1.名称、材质、规格：刚性塑料管PVCφ40（管材甲供）\n2.具体做法：满足设计及现行施工技术、质量验收规范要求。\n3.综合单价含完成该工作所需的人工，材料（含主材、辅材、周转材料），机械费（含机械的进出场费），措施费（安全文明施工费、季节性施工、临时设施、夜间施工、二次搬运等）、规费、税金等所有相关费用。","m","350",{"v":3.5,"d":"3.50"},{"v":1225,"d":"1225.00"},null,{"v":0,"d":"0.00"}]
[21,"配管 PVC管φ32","1.名称、材质、规格：刚性塑料管PVCφ32（管材甲供）\n2.具体做法：满足设计及现行施工技术、质量验收规范要求。\n3.综合单价含完成该工作所需的人工，材料（含主材、辅材、周转材料），机械费（含机械的进出场费），措施费（安全文明施工费、季节性施工、临时设施、夜间施工、二次搬运等）、规费、税金等所有相关费用。","m",15634.13,{"v":3,"d":"3.00"},46902.39,null,{"v":0,"d":"0.00"}]
["21","配管 PVC管φ20","1.名称、材质、规格：刚性塑料管PVCφ20（管材甲供）\n2.具体做法：满足设计及现行施工技术、质量验收规范要求。\n3.综合单价含完成该工作所需的人工，材料（含主材、辅材、周转材料），机械费（含机械的进出场费），措施费（安全文明施工费、季节性施工、临时设施、夜间施工、二次搬运等）、规费、税金等所有相关费用。","m","27744.9",{"v":2.5,"d":"2.50"},69362.25,null,{"v":0,"d":"0.00"}]
[22,"配管 PVC管φ16","1.名称、材质、规格：刚性塑料管PVCφ16（管材甲供）\n2.具体做法：满足设计及现行施工技术、质量验收规范要求。\n3.综合单价含完成该工作所需的人工，材料（含主材、辅材、周转材料），机械费（含机械的进出场费），措施费（安全文明施工费、季节性施工、临时设施、夜间施工、二次搬运等）、规费、税金等所有相关费用。","m",5402,{"v":2.5,"d":"2.50"},{"v":13505,"d":"13505.00"},null,{"v":0,"d":"0.00"}]
["22","LED庭院灯 45W","1.名称：庭院灯\n2.型号、规格 ：45W/LED，灯具电压AC220V，色温3000K，防护等级IP65（灯具甲供）\n3.灯具基础：500*500*700 C25混凝土基础，预埋热镀锌穿线钢管Φ32；\n4.接地要求：(50*50*5*2500mm热镀锌角钢+40*4\n热镀锌扁钢)做接地极加强接地；\n5.施工安装要求:\n夜景照明灯具及配套电器、开关电源、控制器等电气设备禁止安装在可燃材料表面；灯具安装支架、固定螺丝应全部为不锈钢材质；灯具的电缆电线接头应端子连接或涮锡连接、并做防水处理；照明灯具及布线应做到不外露、不易触碰到,主立面严禁外露; 灯具出线到接线盒或到总线的裸线部分用金属软管做好保护。 \n6.综合单价含完成该工作所需的人工，材料（含主材、辅材、周转材料），机械费（含机械的进出场费），措施费（安全文明施工费、季节性施工、临时设施、夜间施工、二次搬运等）、规费、税金等所有相关费用。","套","150",{"v":240,"d":"240.00"},{"v":36000,"d":"36000.00"},null,{"v":0,"d":"0.00"},"=DISPIMG(\"ID_990FC708CDC54FAD982895F309A71B3F\",1)"]
[23,"LED草坪灯 18W","1.名称：草坪灯\n2.型号、规格 ：18W/LED，灯具电压AC220V，色温3000K，防护等级IP65（灯具甲供）\n3.灯具基础：300*300*350 C20混凝土基础，预埋热镀锌穿线钢管Φ32；\n4.接地要求：采用接地线可靠接地；\n5.施工安装要求:\n夜景照明灯具及配套电器、开关电源、控制器等电气设备禁止安装在可燃材料表面；灯具安装支架、固定螺丝应全部为不锈钢材质；灯具的电缆电线接头应端子连接或涮锡连接、并做防水处理；照明灯具及布线应做到不外露、不易触碰到,主立面严禁外露; 灯具出线到接线盒或到总线的裸线部分用金属软管做好保护。 \n6.综合单价含完成该工作所需的人工，材料（含主材、辅材、周转材料），机械费（含机械的进出场费），措施费（安全文明施工费、季节性施工、临时设施、夜间施工、二次搬运等）、规费、税金等所有相关费用。","套","74",{"v":70,"d":"70.00"},{"v":5180,"d":"5180.00"},null,{"v":0,"d":"0.00"}]
["23","LED投光灯 36W","1.名称：投光灯\n2.型号、规格 ：36W/LED，灯具电压AC220V，色温3000K，防护等级IP65（灯具甲供）\n3.灯具基础：镀锌角钢L50mm*50mm*5mm,与植被同色处理；\n4.接地要求：(50*50*5*2500mm热镀锌角钢+40*4\n热镀锌扁钢)做接地极加强接地；\n5.施工安装要求:\n夜景照明灯具及配套电器、开关电源、控制器等电气设备禁止安装在可燃材料表面；灯具安装支架、固定螺丝应全部为不锈钢材质；灯具的电缆电线接头应端子连接或涮锡连接、并做防水处理；照明灯具及布线应做到不外露、不易触碰到,主立面严禁外露; 灯具出线到接线盒或到总线的裸线部分用金属软管做好保护。 \n6.综合单价含完成该工作所需的人工，材料（含主材、辅材、周转材料），机械费（含机械的进出场费），措施费（安全文明施工费、季节性施工、临时设施、夜间施工、二次搬运等）、规费、税金等所有相关费用。","套","62",{"v":55,"d":"55.00"},{"v":3410,"d":"3410.00"},null,{"v":0,"d":"0.00"}]
[24,"LED柔性灯带 5W/M","1.名称：柔性灯带，不锈钢卡扣固定；\n2.型号、规格 ：5W/M/LED，灯具电压DC24V，色温3000K，防护等级IP68（灯具甲供）\n3.施工安装要求:\n夜景照明灯具及配套电器、开关电源、控制器等电气设备禁止安装在可燃材料表面；灯具安装支架、固定螺丝应全部为不锈钢材质；灯具的电缆电线接头应端子连接或涮锡连接、并做防水处理；照明灯具及布线应做到不外露、不易触碰到,主立面严禁外露; 灯具出线到接线盒或到总线的裸线部分用金属软管做好保护。 \n4.综合单价含完成该工作所需的人工，材料（含主材、辅材、周转材料），机械费（含机械的进出场费），措施费（安全文明施工费、季节性施工、临时设施、夜间施工、二次搬运等）、规费、税金等所有相关费用。","m","2495.4",{"v":8,"d":"8.00"},{"v":19963.2,"d":"19963.20"},null,{"v":0,"d":"0.00"}]
["24","LED柔性灯带10W/M","1.名称：柔性灯带，不锈钢卡扣固定；\n2.型号、规格 ：10W/M/LED，灯具电压DC24V，色温4000K，防护等级IP68（灯具甲供）\n3.施工安装要求:\n夜景照明灯具及配套电器、开关电源、控制器等电气设备禁止安装在可燃材料表面；灯具安装支架、固定螺丝应全部为不锈钢材质；灯具的电缆电线接头应端子连接或涮锡连接、并做防水处理；照明灯具及布线应做到不外露、不易触碰到,主立面严禁外露; 灯具出线到接线盒或到总线的裸线部分用金属软管做好保护。 \n4.综合单价含完成该工作所需的人工，材料（含主材、辅材、周转材料），机械费（含机械的进出场费），措施费（安全文明施工费、季节性施工、临时设施、夜间施工、二次搬运等）、规费、税金等所有相关费用。","m","1050",{"v":8,"d":"8.00"},{"v":8400,"d":"8400.00"},null,{"v":0,"d":"0.00"}]
[25,"LED洗墙灯 48W/1M","1.名称：洗墙灯，不锈钢卡扣固定；\n2.型号、规格 ：48W/1M/LED，灯具电压DC24V，色温RGB+W，防护等级IP68（灯具甲供）\n3.施工安装要求:\n夜景照明灯具及配套电器、开关电源、控制器等电气设备禁止安装在可燃材料表面；灯具安装支架、固定螺丝应全部为不锈钢材质；灯具的电缆电线接头应端子连接或涮锡连接、并做防水处理；照明灯具及布线应做到不外露、不易触碰到,主立面严禁外露; 灯具出线到接线盒或到总线的裸线部分用金属软管做好保护。 \n4.综合单价含完成该工作所需的人工，材料（含主材、辅材、周转材料），机械费（含机械的进出场费），措施费（安全文明施工费、季节性施工、临时设施、夜间施工、二次搬运等）、规费、税金等所有相关费用。","m","380",{"v":15,"d":"15.00"},{"v":5700,"d":"5700.00"},null,{"v":0,"d":"0.00"}]
["25","LED洗墙灯 24W/1M","1.名称：洗墙灯，不锈钢卡扣固定；\n2.型号、规格 ：24W/M/LED，灯具电压DC24V，色温RGB+W，防护等级IP68（灯具甲供）\n3.施工安装要求:\n夜景照明灯具及配套电器、开关电源、控制器等电气设备禁止安装在可燃材料表面；灯具安装支架、固定螺丝应全部为不锈钢材质；灯具的电缆电线接头应端子连接或涮锡连接、并做防水处理；照明灯具及布线应做到不外露、不易触碰到,主立面严禁外露; 灯具出线到接线盒或到总线的裸线部分用金属软管做好保护。 \n4.综合单价含完成该工作所需的人工，材料（含主材、辅材、周转材料），机械费（含机械的进出场费），措施费（安全文明施工费、季节性施工、临时设施、夜间施工、二次搬运等）、规费、税金等所有相关费用。","m","750",{"v":15,"d":"15.00"},{"v":11250,"d":"11250.00"},null,{"v":0,"d":"0.00"}]
[26,"LED激光灯 350W","1.名称：激光灯\n2.型号、规格 ：350W//LED，灯具电压AC220V，色温3000K，防护等级IP65（灯具甲供）\n3.灯具基础：镀锌角钢L50mm*50mm*5mm,与植被同色处理；\n4.接地要求：(50*50*5*2500mm热镀锌角钢+40*4\n热镀锌扁钢)做接地极加强接地；\n5.施工安装要求:\n夜景照明灯具及配套电器、开关电源、控制器等电气设备禁止安装在可燃材料表面；灯具安装支架、固定螺丝应全部为不锈钢材质；灯具的电缆电线接头应端子连接或涮锡连接、并做防水处理；照明灯具及布线应做到不外露、不易触碰到,主立面严禁外露; 灯具出线到接线盒或到总线的裸线部分用金属软管做好保护。 \n6.综合单价含完成该工作所需的人工，材料（含主材、辅材、周转材料），机械费（含机械的进出场费），措施费（安全文明施工费、季节性施工、临时设施、夜间施工、二次搬运等）、规费、税金等所有相关费用。","套","6",{"v":55,"d":"55.00"},{"v":330,"d":"330.00"},null,{"v":0,"d":"0.00"}]
["26","LED定制发光地砖灯 24W（1200x500）","1.名称：LED定制发光地砖灯 24W（1200x500）；\n2.型号、规格 ：24W/LED，灯具电压DC24V，色温RGB+W，防护等级IP68（灯具甲供）\n3.施工安装要求:\n夜景照明灯具及配套电器、开关电源、控制器等电气设备禁止安装在可燃材料表面；灯具安装支架、固定螺丝应全部为不锈钢材质；灯具的电缆电线接头应端子连接或涮锡连接、并做防水处理；照明灯具及布线应做到不外露、不易触碰到,主立面严禁外露; 灯具出线到接线盒或到总线的裸线部分用金属软管做好保护。 \n4.综合单价含完成该工作所需的人工，材料（含主材、辅材、周转材料），机械费（含机械的进出场费），措施费（安全文明施工费、季节性施工、临时设施、夜间施工、二次搬运等）、规费、税金等所有相关费用。","套","464",{"v":35,"d":"35.00"},{"v":16240,"d":"16240.00"},null,{"v":0,"d":"0.00"}]
[27,"LED定制发光地砖灯 24W（1000x300)","1.名称：柔性灯带，LED定制发光地砖灯 24W（1000x300)；\n2.型号、规格 ：24W/LED，灯具电压DC24V，色温RGB+W，防护等级IP68（灯具甲供）\n3.施工安装要求:\n夜景照明灯具及配套电器、开关电源、控制器等电气设备禁止安装在可燃材料表面；灯具安装支架、固定螺丝应全部为不锈钢材质；灯具的电缆电线接头应端子连接或涮锡连接、并做防水处理；照明灯具及布线应做到不外露、不易触碰到,主立面严禁外露; 灯具出线到接线盒或到总线的裸线部分用金属软管做好保护。 \n4.综合单价含完成该工作所需的人工，材料（含主材、辅材、周转材料），机械费（含机械的进出场费），措施费（安全文明施工费、季节性施工、临时设施、夜间施工、二次搬运等）、规费、税金等所有相关费用。","套","606",{"v":35,"d":"35.00"},{"v":21210,"d":"21210.00"},null,{"v":0,"d":"0.00"}]
["27","防水电缆 JHS-2*6","1.名称：防水电缆； \n2.型号、规格、材质：JHS-2*6（电缆甲供）；\n3.敷设方式 ：穿管、埋地暗敷；\n4.具体做法：满足设计及现行施工技术、质量验收规范要求。\n5.综合单价含完成该工作所需的人工，材料（含主材、辅材、周转材料），机械费（含机械的进出场费），措施费（安全文明施工费、季节性施工、临时设施、夜间施工、二次搬运等）、规费、税金等所有相关费用。","m","26075",{"v":1.2,"d":"1.20"},{"v":31290,"d":"31290.00"},null,{"v":0,"d":"0.00"}]
[28,"户外弱电机柜1500x800x800","1.名称：户外弱电机柜（弱电机柜甲供）\n2.型号、规格 ：规格综合； \n3.包含工作内容：配电箱基础、接地、配电箱安装涉及的所有工作。\n4.基础形式、材质、规格：100厚C20混凝土垫层，M7.5水泥砂浆MU10标砖砌配电箱基础，200*260C20混凝土压顶；\n5.接线端子材质、规格：40x4 镀锌扁钢连接L50x5 角钢； \n6.其余做法：满足设计及现行施工技术、质量验收规范要求\n7.综合单价含完成该工作所需的人工，材料（含主材、辅材、周转材料），机械费（含机械的进出场费），措施费（安全文明施工费、季节性施工、临时设施、夜间施工、二次搬运等）、规费、税金等所有相关费用。","台",5,{"v":350,"d":"350.00"},{"v":1750,"d":"1750.00"},null,{"v":0,"d":"0.00"}]
["28","手孔井 600x600x800mm","1.砌筑材料品种、规格、强度等级：MU10标准砖；\n2.砂浆强度等级、配合比：M7.5水泥砂浆砌筑； \n3.盖板材质、规格：600*600铸铁井盖（井盖甲供）\n4.其余做法：满足设计及现行施工技术、质量验收规范要求\n5.综合单价含完成该工作所需的人工，材料（含主材、辅材、周转材料），机械费（含机械的进出场费），措施费（安全文明施工费、季节性施工、临时设施、夜间施工、二次搬运等）、规费、税金等所有相关费用。","座","18",{"v":450,"d":"450.00"},{"v":8100,"d":"8100.00"},null,{"v":0,"d":"0.00"},"=DISPIMG(\"ID_57EEDF8DAF754047ABE08E4CB082B012\",1)"]
[null,null,"分部小计：",{"$nulls":3},451732.67,null,{"v":0,"d":"0.00"}]
["合    计","","","","","",747543.43,null,{"v":0,"d":"0.00"}]

{"sheet":"景观给排水","index":3,"n_rows":90,"n_cols":10,"rows_kept":90,"merged":[[0,0,0,9],[1,0,2,0],[1,1,2,1],[1,2,2,2],[1,3,2,3],[1,4,2,4],[1,5,1,6],[1,7,2,7],[1,8,2,8],[1,9,2,9],[3,1,3,2],[9,1,9,2],[10,1,10,2],[19,9,20,9],[31,1,31,2],[32,1,32,2],[60,1,60,2],[61,1,61,2],[69,1,69,2],[70,1,70,2],[79,1,79,2],[80,1,80,2],[88,1,88,2],[89,1,89,2]],"flags":["formulas_cached_only"]}
["2023年“H”项目招标控制价--景观给排水工程"]
["序号","项目名称","项目特征描述","计量\r\n单位","工程量","招标控制价（元）","","班组所报全费用单价（元）","合价（元）","备注"]
["","","","","","综合单价","合价"]
[null,"土石方工程"]
["1","挖沟槽（基坑）土石方","1.土壤类别 ：土石综合考虑\n2.开挖或开凿深度：按设计要求\n3.基底摊座要求：综合，由投标人综合考虑\n4.开挖方式、装土方式：综合，由投标人综合考虑\n5.土、石渣场内运输方式及运距：投标人自行确定\n6.做法：满足设计及现行施工技术、质量验收规范要求\n7.综合单价含完成该工作所需的人工，材料（含主材、辅材、周转材料），机械费（含机械的进出场费），措施费（安全文明施工费、季节性施工、临时设施、夜间施工、二次搬运等）、规费、税金等所有相关费用。","m3",11293,15,169395,null,0]
["2","回填方","1.填方材料品种：综合，但需满足设计要求\n2.密实度：回填土分层夯填，压实系数满足设计要求\n3.回填土来源、装土方式及场内外运输方式、运距：投标人自行确定\n4.其他：满足石方回填要求的石方大改小费用含在该单价中，由投标人综合考虑\n5.做法：满足设计及现行施工技术、质量验收规范要求\n6.综合单价含完成该工作所需的人工，材料（含主材、辅材、周转材料），机械费（含机械的进出场费），措施费（安全文明施工费、季节性施工、临时设施、夜间施工、二次搬运等）、规费、税金等所有相关费用。","m3",4702.64,5,23513.2,null,0]
["3","余方弃置","1.废弃料品种：土方、石方综合（含淤泥），以及现场建(废)渣综合\n2.装取土方式：综合\n3.弃土、石（渣）场及场外运距：投标人自行踏勘现场考虑、自主确定弃土、石场及运距（含弃渣、土、石场费用、弃土费）\n4.做法：满足设计及现行施工技术、质量验收规范要求\n5.综合单价含完成该工作所需的人工，材料（含主材、辅材、周转材料），机械费（含机械的进出场费），措施费（安全文明施工费、季节性施工、临时设施、夜间施工、二次搬运等）、规费、税金等所有相关费用。","m3",2007.93,10,20079.3,null,0]
["4","管沟砂回填","1.材料品种、规格 ：细砂包管；\n2.厚度：300mm，具体要求满足施工图设计要求。\n3.综合单价含完成该工作所需的人工，材料（含主材、辅材、周转材料），机械费（含机械的进出场费），措施费（安全文明施工费、季节性施工、临时设施、夜间施工、二次搬运等）、规费、税金等所有相关费用。","m3",4117.43,155,638201.65,null,0]
["5","φ25-30碎石垫层","1.垫层材料种类、配合比、厚度：100厚碎石垫层（管沟沟底）\n2.具体要求满足施工图设计及规范验收要求。\n3.综合单价含完成该工作所需的人工，材料（含主材、辅材、周转材料），机械费（含机械的进出场费），措施费（安全文明施工费、季节性施工、临时设施、夜间施工、二次搬运等）、规费、税金等所有相关费用。","m3",465,123,57195,null,0]
[null,"小计：",{"$nulls":4},908384.15,null,{"v":0,"d":"0.00"}]
[" ","给水系统",null," "," "," "," "]
[6,"PE给水管DN150","1.材质及规格 ：PE聚乙烯给水管DN150（主材甲供）\n3.连接形式 ：热熔连接\n4.铺设深度 ：绿地中主管覆土厚度需大于0.6m;经过道路管道,镀锌管外径距离道路基层下表面大于0.7米即可,套大两级镀锌钢管保护；\n5.管道检验及试验要求：按照《给水排水管道工程施工及验收规范》要求执行。所有给水管道安装完毕,均应严格按有关规范要求做管道试压试验并消毒。管道试压必须在热熔连接24小\n6.综合单价含完成该工作所需的人工，材料（含主材、辅材、周转材料），机械费（含机械的进出场费），措施费（安全文明施工费、季节性施工、临时设施、夜间施工、二次搬运等）、规费、税金等所有相关费用。","m",2180,20,43600,null,0]
[7,"PE给水管DN100","1.材质及规格 ：PE聚乙烯给水管DN100（主材甲供）\n3.连接形式 ：热熔连接\n4.铺设深度 ：绿地中主管覆土厚度需大于0.6m;经过道路管道,镀锌管外径距离道路基层下表面大于0.7米即可,套大两级镀锌钢管保护；\n5.管道检验及试验要求：按照《给水排水管道工程施工及验收规范》要求执行。所有给水管道安装完毕,均应严格按有关规范要求做管道试压试验并消毒。管道试压必须在热熔连接24小\n6.综合单价含完成该工作所需的人工，材料（含主材、辅材、周转材料），机械费（含机械的进出场费），措施费（安全文明施工费、季节性施工、临时设施、夜间施工、二次搬运等）、规费、税金等所有相关费用。","m",786,14,11004,null,0]
[8,"PE给水管DN80","1.材质及规格 ：PE聚乙烯给水管DN80（主材甲供）\n3.连接形式 ：热熔连接\n4.铺设深度 ：绿地中主管覆土厚度需大于0.6m;经过道路管道,镀锌管外径距离道路基层下表面大于0.7米即可,套大两级镀锌钢管保护；\n5.管道检验及试验要求：按照《给水排水管道工程施工及验收规范》要求执行。所有给水管道安装完毕,均应严格按有关规范要求做管道试压试验并消毒。管道试压必须在热熔连接24小\n6.综合单价含完成该工作所需的人工，材料（含主材、辅材、周转材料），机械费（含机械的进出场费），措施费（安全文明施工费、季节性施工、临时设施、夜间施工、二次搬运等）、规费、税金等所有相关费用。","m",1099.1,12,13189.2,null,0]
[9,"PE给水管DN65","1.材质及规格 ：PE聚乙烯给水管DN65（主材甲供）\n3.连接形式 ：热熔连接\n4.铺设深度 ：绿地中主管覆土厚度需大于0.6m;经过道路管道,镀锌管外径距离道路基层下表面大于0.7米即可,套大两级镀锌钢管保护；\n5.管道检验及试验要求：按照《给水排水管道工程施工及验收规范》要求执行。所有给水管道安装完毕,均应严格按有关规范要求做管道试压试验并消毒。管道试压必须在热熔连接24小\n6.综合单价含完成该工作所需的人工，材料（含主材、辅材、周转材料），机械费（含机械的进出场费），措施费（安全文明施工费、季节性施工、临时设施、夜间施工、二次搬运等）、规费、税金等所有相关费用。","m",68.7,11,755.7,null,0]
[10,"PE给水管DN50","1.材质及规格 ：PE聚乙烯给水管DN50（主材甲供）\n3.连接形式 ：热熔连接\n4.铺设深度 ：绿地中主管覆土厚度需大于0.6m;经过道路管道,镀锌管外径距离道路基层下表面大于0.7米即可,套大两级镀锌钢管保护；\n5.管道检验及试验要求：按照《给水排水管道工程施工及验收规范》要求执行。所有给水管道安装完毕,均应严格按有关规范要求做管道试压试验并消毒。管道试压必须在热熔连接24小\n6.综合单价含完成该工作所需的人工，材料（含主材、辅材、周转材料），机械费（含机械的进出场费），措施费（安全文明施工费、季节性施工、临时设施、夜间施工、二次搬运等）、规费、税金等所有相关费用。","m",725,10,7250,null,0]
[11,"PE给水管DN40","1.材质及规格 ：PE聚乙烯给水管DN40（主材甲供）\n3.连接形式 ：热熔连接\n4.铺设深度 ：绿地中主管覆土厚度需大于0.6m;经过道路管道,镀锌管外径距离道路基层下表面大于0.7米即可,套大两级镀锌钢管保护；\n5.管道检验及试验要求：按照《给水排水管道工程施工及验收规范》要求执行。所有给水管道安装完毕,均应严格按有关规范要求做管道试压试验并消毒。管道试压必须在热熔连接24小\n6.综合单价含完成该工作所需的人工，材料（含主材、辅材、周转材料），机械费（含机械的进出场费），措施费（安全文明施工费、季节性施工、临时设施、夜间施工、二次搬运等）、规费、税金等所有相关费用。","m",623,8.5,5295.5,null,0]
[12,"PE给水管DN32","1.材质及规格 ：PE聚乙烯给水管DN32（主材甲供）\n3.连接形式 ：热熔连接\n4.铺设深度 ：绿地中主管覆土厚度需大于0.6m;经过道路管道,镀锌管外径距离道路基层下表面大于0.7米即可,套大两级镀锌钢管保护；\n5.管道检验及试验要求：按照《给水排水管道工程施工及验收规范》要求执行。所有给水管道安装完毕,均应严格按有关规范要求做管道试压试验并消毒。管道试压必须在热熔连接24小\n6.综合单价含完成该工作所需的人工，材料（含主材、辅材、周转材料），机械费（含机械的进出场费），措施费（安全文明施工费、季节性施工、临时设施、夜间施工、二次搬运等）、规费、税金等所有相关费用。","m",835,7.5,6262.5,null,0]
[13,"PE给水管DN25","1.材质及规格 ：PE聚乙烯给水管DN25（主材甲供）\n3.连接形式 ：热熔连接\n4.铺设深度 ：绿地中主管覆土厚度需大于0.6m;经过道路管道,镀锌管外径距离道路基层下表面大于0.7米即可,套大两级镀锌钢管保护；\n5.管道检验及试验要求：按照《给水排水管道工程施工及验收规范》要求执行。所有给水管道安装完毕,均应严格按有关规范要求做管道试压试验并消毒。管道试压必须在热熔连接24小\n6.综合单价含完成该工作所需的人工，材料（含主材、辅材、周转材料），机械费（含机械的进出场费），措施费（安全文明施工费、季节性施工、临时设施、夜间施工、二次搬运等）、规费、税金等所有相关费用。","m",1580,7.5,11850,null,0]
[14,"水表组安装 DN50\n","1.安装部位：室外水表组（不带旁通）水表组材料甲供\n2.包含内容：包含1个水表、2个蝶阀、1个止回阀及1个伸缩接头；\n3.连接形式 ：按规范要求执行\n4.其余做法满足规范及验收要求。\n5.综合单价含完成该工作所需的人工，材料（含主材、辅材、周转材料），机械费（含机械的进出场费），措施费（安全文明施工费、季节性施工、临时设施、夜间施工、二次搬运等）、规费、税金等所有相关费用。","组",6,240,1440,null,0,"=DISPIMG(\"ID_5F4CF35618704D3C9EF7785A636244D2\",1)"]
[15,"水表组安装 DN150","1.安装部位：室外水表组（不带旁通）水表组材料甲供\n2.包含内容：包含1个水表、2个蝶阀、1个止回阀及1个伸缩接头；\n3.连接形式 ：按规范要求执行\n4.其余做法满足规范及验收要求。\n5.综合单价含完成该工作所需的人工，材料（含主材、辅材、周转材料），机械费（含机械的进出场费），措施费（安全文明施工费、季节性施工、临时设施、夜间施工、二次搬运等）、规费、税金等所有相关费用。","组",2,900,1800,null,0]
[16,"阀门 DN32","1.种类 ：球阀（阀门甲供）\n2.材质及规格 ：钢质阀门，DN32\n3.连接形式 ：螺纹连接\n4.试验及施工要求：按照《给水排水管道工程施工及验收规范》要求执行。\n5.综合单价含完成该工作所需的人工，材料（含主材、辅材、周转材料），机械费（含机械的进出场费），措施费（安全文明施工费、季节性施工、临时设施、夜间施工、二次搬运等）、规费、税金等所有相关费用。","个",1,25,25,null,0]
[17,"阀门 DN40","1.种类 ：球阀（阀门甲供）\n2.材质及规格 ：钢质阀门，DN40\n3.连接形式 ：螺纹连接\n4.试验及施工要求：按照《给水排水管道工程施工及验收规范》要求执行。\n5.综合单价含完成该工作所需的人工，材料（含主材、辅材、周转材料），机械费（含机械的进出场费），措施费（安全文明施工费、季节性施工、临时设施、夜间施工、二次搬运等）、规费、税金等所有相关费用。","个",2,35,70,null,0]
[18,"阀门 DN50","1.种类 ：球阀（阀门甲供）\n2.材质及规格 ：钢质阀门，DN50\n3.连接形式 ：螺纹连接\n4.试验及施工要求：按照《给水排水管道工程施工及验收规范》要求执行。\n5.综合单价含完成该工作所需的人工，材料（含主材、辅材、周转材料），机械费（含机械的进出场费），措施费（安全文明施工费、季节性施工、临时设施、夜间施工、二次搬运等）、规费、税金等所有相关费用。","个",12,45,540,null,0]
[19,"阀门 DN80","1.种类 ：球阀（阀门甲供）\n2.材质及规格 ：钢质阀门，DN80\n3.连接形式 ：螺纹连接\n4.试验及施工要求：按照《给水排水管道工程施工及验收规范》要求执行。\n5.综合单价含完成该工作所需的人工，材料（含主材、辅材、周转材料），机械费（含机械的进出场费），措施费（安全文明施工费、季节性施工、临时设施、夜间施工、二次搬运等）、规费、税金等所有相关费用。","个",9,85,765,null,0]
[20,"阀门 DN100","1.种类 ：截止阀（阀门甲供）\n2.材质及规格 ：钢质阀门，DN100\n3.连接形式 ：螺纹连接\n4.试验及施工要求：按照《给水排水管道工程施工及验收规范》要求执行。\n5.综合单价含完成该工作所需的人工，材料（含主材、辅材、周转材料），机械费（含机械的进出场费），措施费（安全文明施工费、季节性施工、临时设施、夜间施工、二次搬运等）、规费、税金等所有相关费用。","个",2,155,310,null,0]
[21,"阀门 DN150","1.种类 ：截止阀（阀门甲供）\n2.材质及规格 ：钢质阀门，DN150\n3.连接形式 ：螺纹连接\n4.试验及施工要求：按照《给水排水管道工程施工及验收规范》要求执行。\n5.综合单价含完成该工作所需的人工，材料（含主材、辅材、周转材料），机械费（含机械的进出场费），措施费（安全文明施工费、季节性施工、临时设施、夜间施工、二次搬运等）、规费、税金等所有相关费用。","个",11,155,1705,null,0]
[22,"室外消火栓","1.安装方式：室外地上式，干管安装；\n2.型号、规格：SSF100/65-1.0 \n3.支墩尺寸、材质:C25混凝土支墩，400*400*100；\n4.具体做法详图集13S201；\n5.综合单价含完成该工作所需的人工，材料（含主材、辅材、周转材料），机械费（含机械的进出场费），措施费（安全文明施工费、季节性施工、临时设施、夜间施工、二次搬运等）、规费、税金等所有相关费用。","套",10,450,4500,null,0,"=DISPIMG(\"ID_080AF82033F345979877719E38614DB0\",1)"]
[23,"潜水泵/潜污泵安装","1.名称 ：潜水泵/潜污泵（泵甲供）\n2.型号、规格 ：综合\n3.连接方式：法兰连接\n4.其余做法满足规范及验收要求。\n5.综合单价含完成该工作所需的人工，材料（含主材、辅材、周转材料），机械费（含机械的进出场费），措施费（安全文明施工费、季节性施工、临时设施、夜间施工、二次搬运等）、规费、税金等所有相关费用。","台",11,550,6050,null,0]
[24,"快速取水阀及VB-708阀门箱安装","1.类型、材质规格：VB-708阀门箱\n2.包含：VB-708阀门箱、P-33型塑料快速阀DN25，公称压力1.0Mpa、砖基础及砾石反滤层；\n3.连接形式 ：角钢固定杆固定卡扣连接；\n4.试验要求：按照《给水排水管道工程施工及验收规范》要求执行；\n5.综合单价含完成该工作所需的人工，材料（含主材、辅材、周转材料），机械费（含机械的进出场费），措施费（安全文明施工费、季节性施工、临时设施、夜间施工、二次搬运等）、规费、税金等所有相关费用。","个","54",120,6480,null,0]
[25,"射线喷头","1.喷头品种、规格 ：射程半径6m,喷头间距9m,流量0.66m3^/h,压力要求0.25Mpa；\n2.管道附件、阀门、喷头固定方式 \n3.混凝土支墩尺寸：C20混凝土支墩 200*200*200\n4.其余做法满足设计及规范及验收要求。\n5.综合单价含完成该工作所需的人工，材料（含主材、辅材、周转材料），机械费（含机械的进出场费），措施费（安全文明施工费、季节性施工、临时设施、夜间施工、二次搬运等）、规费、税金等所有相关费用。","个","227",80,18160,null,0]
[null,"小计 ：",""," "," "," ",{"v":141051.9,"d":"141051.90"},null,{"v":0,"d":"0.00"}]
[null,"雨污水系统 ",""," "," "," "," "]
[26,"HDPE双壁波纹管 DN200","1.材质及规格 ：HDPE双壁波纹管，DN200（管材甲供）\n2.连接形式 ：采用弹性密封圈连接；\n3.铺设深度：满足施工图设计要求；\n5.管道检验及试验要求：满足规范及验收要求。\n6.综合单价含完成该工作所需的人工，材料（含主材、辅材、周转材料），机械费（含机械的进出场费），措施费（安全文明施工费、季节性施工、临时设施、夜间施工、二次搬运等）、规费、税金等所有相关费用。","m",1382,8.5,11747,null,0]
[27,"HDPE双壁波纹管 DN300","1.材质及规格 ：HDPE双壁波纹管，DN300（管材甲供）\n2.连接形式 ：采用弹性密封圈连接；\n3.铺设深度：满足施工图设计要求；\n5.管道检验及试验要求：满足规范及验收要求。6.综合单价含完成该工作所需的人工，材料（含主材、辅材、周转材料），机械费（含机械的进出场费），措施费（安全文明施工费、季节性施工、临时设施、夜间施工、二次搬运等）、规费、税金等所有相关费用。","m",2133,10,21330,null,0]
[28,"HDPE双壁波纹管 DN400","1.材质及规格 ：HDPE双壁波纹管，DN400（管材甲供）\n2.连接形式 ：采用弹性密封圈连接；\n3.铺设深度：满足施工图设计要求；\n5.管道检验及试验要求：满足规范及验收要求。6.综合单价含完成该工作所需的人工，材料（含主材、辅材、周转材料），机械费（含机械的进出场费），措施费（安全文明施工费、季节性施工、临时设施、夜间施工、二次搬运等）、规费、税金等所有相关费用。","m",535.2,13.5,7225.2,null,0]
[29,"HDPE双壁波纹管 DN500","1.材质及规格 ：HDPE双壁波纹管，DN500（管材甲供）\n2.连接形式 ：采用弹性密封圈连接；\n3.铺设深度：满足施工图设计要求；\n5.管道检验及试验要求：满足规范及验收要求。6.综合单价含完成该工作所需的人工，材料（含主材、辅材、周转材料），机械费（含机械的进出场费），措施费（安全文明施工费、季节性施工、临时设施、夜间施工、二次搬运等）、规费、税金等所有相关费用。","m",338.55,16,5416.8,null,0]
[30,"HDPE双壁波纹管 DN600","1.材质及规格 ：HDPE双壁波纹管，DN600（管材甲供）\n2.连接形式 ：采用弹性密封圈连接；\n3.铺设深度：满足施工图设计要求；\n5.管道检验及试验要求：满足规范及验收要求。6.综合单价含完成该工作所需的人工，材料（含主材、辅材、周转材料），机械费（含机械的进出场费），措施费（安全文明施工费、季节性施工、临时设施、夜间施工、二次搬运等）、规费、税金等所有相关费用。","m",188.7,18,3396.6,null,0]
[31,"HDPE双壁波纹管 DN800","1.材质及规格 ：HDPE双壁波纹管，DN800（管材甲供）\n2.连接形式 ：采用弹性密封圈连接；\n3.铺设深度：满足施工图设计要求；\n5.管道检验及试验要求：满足规范及验收要求。6.综合单价含完成该工作所需的人工，材料（含主材、辅材、周转材料），机械费（含机械的进出场费），措施费（安全文明施工费、季节性施工、临时设施、夜间施工、二次搬运等）、规费、税金等所有相关费用。","m",188.7,22,4151.4,null,0]
[32,"HDPE双壁波纹管 DN1200","1.材质及规格 ：HDPE双壁波纹管，DN1200（管材甲供）\n2.连接形式 ：采用弹性密封圈连接；\n3.铺设深度：满足施工图设计要求；\n5.管道检验及试验要求：满足规范及验收要求。6.综合单价含完成该工作所需的人工，材料（含主材、辅材、周转材料），机械费（含机械的进出场费），措施费（安全文明施工费、季节性施工、临时设施、夜间施工、二次搬运等）、规费、税金等所有相关费用。","m",127.8,30,3834,null,0]
[33,"放空管 DN200","1.材质及规格 ：HDPE双壁波纹管，DN200（管材甲供）\n2.连接形式 ：采用弹性密封圈连接，带堵头；\n3.铺设深度：满足施工图设计要求；\n5.管道检验及试验要求：满足规范及验收要求。6.综合单价含完成该工作所需的人工，材料（含主材、辅材、周转材料），机械费（含机械的进出场费），措施费（安全文明施工费、季节性施工、临时设施、夜间施工、二次搬运等）、规费、税金等所有相关费用。","m",176,8.5,1496,null,0]
[34,"盲管 PVCDN150","1.材质及规格 ：PVCDN150（管材甲供）\n2.连接形式 \n3.管道检验及试验要求：满足规范及验收要求。6.综合单价含完成该工作所需的人工，材料（含主材、辅材、周转材料），机械费（含机械的进出场费），措施费（安全文明施工费、季节性施工、临时设施、夜间施工、二次搬运等）、规费、税金等所有相关费用。","m","1",4,4,null,0]
[35,"塑料检查井井筒 φ700","1.检查井材质、规格 ：HDPE井筒 φ700（井筒甲供）\n2.连接方式：检查井与管道采用承插连接，所有连接管件与排水管道的连接，要求管内径平接不应有台阶；\n3.其余做法满足规范及验收要求\n4.综合单价含完成该工作所需的人工，材料（含主材、辅材、周转材料），机械费（含机械的进出场费），措施费（安全文明施工费、季节性施工、临时设施、夜间施工、二次搬运等）、规费、税金等所有相关费用。","m",88,30,2640,null,0]
[36,"塑料检查井井筒 φ1000","1.检查井材质、规格 ：HDPE井筒 φ1000（井筒甲供）\n2.连接方式：检查井与管道采用承插连接，所有连接管件与排水管道的连接，要求管内径平接不应有台阶；\n3.其余做法满足规范及验收要求\n4.综合单价含完成该工作所需的人工，材料（含主材、辅材、周转材料），机械费（含机械的进出场费），措施费（安全文明施工费、季节性施工、临时设施、夜间施工、二次搬运等）、规费、税金等所有相关费用。","m",49,55,2695,null,0]
[37,"塑料检查井井筒 φ1200","1.检查井材质、规格 ：HDPE井筒 φ1200（井筒甲供）\n2.连接方式：检查井与管道采用承插连接，所有连接管件与排水管道的连接，要求管内径平接不应有台阶；\n3.其余做法满足规范及验收要求\n4.综合单价含完成该工作所需的人工，材料（含主材、辅材、周转材料），机械费（含机械的进出场费），措施费（安全文明施工费、季节性施工、临时设施、夜间施工、二次搬运等）、规费、税金等所有相关费用。","m",12,70,840,null,0]
[38,"塑料检查井井座  φ700","1.检查井材质、规格：HDPE井座（井座甲供）\n2.检查井安装应在井底座中心定位后，将井底座置于井坑基础上，复核接管标高符合设计要求，并将其固定后方能接管安装，检查井施工具体做法详16S524。\n3.综合单价含完成该工作所需的人工，材料（含主材、辅材、周转材料），机械费（含机械的进出场费），措施费（安全文明施工费、季节性施工、临时设施、夜间施工、二次搬运等）、规费、税金等所有相关费用。","座",52,40,2080,null,0]
[39,"塑料检查井井座  φ1000","1.检查井材质、规格：HDPE井座（井座甲供）\n2.检查井安装应在井底座中心定位后，将井底座置于井坑基础上，复核接管标高符合设计要求，并将其固定后方能接管安装，检查井施工具体做法详16S524。\n3.综合单价含完成该工作所需的人工，材料（含主材、辅材、周转材料），机械费（含机械的进出场费），措施费（安全文明施工费、季节性施工、临时设施、夜间施工、二次搬运等）、规费、税金等所有相关费用。","座",49,40,1960,null,0]
[40,"塑料检查井井座  φ1200","1.检查井材质、规格：HDPE井座（井座甲供）\n2.检查井安装应在井底座中心定位后，将井底座置于井坑基础上，复核接管标高符合设计要求，并将其固定后方能接管安装，检查井施工具体做法详16S524。\n3.综合单价含完成该工作所需的人工，材料（含主材、辅材、周转材料），机械费（含机械的进出场费），措施费（安全文明施工费、季节性施工、临时设施、夜间施工、二次搬运等）、规费、税金等所有相关费用。","座",12,55,660,null,0]
[41,"塑料检查井井圈井盖  φ700","1.检查井材质、规格：HDPE井盖（井盖甲供）\n2.井盖安装：井盖安装前应复合井筒长度，切去多余部分，切割后的井筒顶面水平、平整。污水井盖与雨水井盖严格区分、不得混淆；井盖、承压圈和井筒轴心应对准，安装后将井周回填材料回填至设计要求的高度，检查井施工具体做法详16S524。\n3.综合单价含完成该工作所需的人工，材料（含主材、辅材、周转材料），机械费（含机械的进出场费），措施费（安全文明施工费、季节性施工、临时设施、夜间施工、二次搬运等）、规费、税金等所有相关费用。","座",52,50,2600,null,0]
[42,"塑料检查井井圈井盖  φ1000","1.检查井材质、规格：HDPE井盖（井盖甲供）\n2.井盖安装：井盖安装前应复合井筒长度，切去多余部分，切割后的井筒顶面水平、平整。污水井盖与雨水井盖严格区分、不得混淆；井盖、承压圈和井筒轴心应对准，安装后将井周回填材料回填至设计要求的高度，检查井施工具体做法详16S524。\n3.综合单价含完成该工作所需的人工，材料（含主材、辅材、周转材料），机械费（含机械的进出场费），措施费（安全文明施工费、季节性施工、临时设施、夜间施工、二次搬运等）、规费、税金等所有相关费用。","座",49,50,2450,null,0]
[43,"塑料检查井井圈井盖  φ1200","1.检查井材质、规格：HDPE井盖（井盖甲供）\n2.井盖安装：井盖安装前应复合井筒长度，切去多余部分，切割后的井筒顶面水平、平整。污水井盖与雨水井盖严格区分、不得混淆；井盖、承压圈和井筒轴心应对准，安装后将井周回填材料回填至设计要求的高度，检查井施工具体做法详16S524。\n3.综合单价含完成该工作所需的人工，材料（含主材、辅材、周转材料），机械费（含机械的进出场费），措施费（安全文明施工费、季节性施工、临时设施、夜间施工、二次搬运等）、规费、税金等所有相关费用。","座",12,50,600,null,0]
[44,"球磨铸铁井圈井盖  φ700","1.检查井材质、规格：铸铁井盖（井盖甲供）\n2.井盖安装：井盖安装前应复合井筒长度，切去多余部分，切割后的井筒顶面水平、平整。污水井盖与雨水井盖严格区分、不得混淆；井盖、承压圈和井筒轴心应对准，安装后将井周回填材料回填至设计要求的高度，检查井施工具体做法详16S524。\n3.综合单价含完成该工作所需的人工，材料（含主材、辅材、周转材料），机械费（含机械的进出场费），措施费（安全文明施工费、季节性施工、临时设施、夜间施工、二次搬运等）、规费、税金等所有相关费用。","座",1,75,75,null,0]
[45,"球磨铸铁井圈井盖  φ1000","1.检查井材质、规格：铸铁井盖（井盖甲供）\n2.井盖安装：井盖安装前应复合井筒长度，切去多余部分，切割后的井筒顶面水平、平整。污水井盖与雨水井盖严格区分、不得混淆；井盖、承压圈和井筒轴心应对准，安装后将井周回填材料回填至设计要求的高度，检查井施工具体做法详16S524。\n3.综合单价含完成该工作所需的人工，材料（含主材、辅材、周转材料），机械费（含机械的进出场费），措施费（安全文明施工费、季节性施工、临时设施、夜间施工、二次搬运等）、规费、税金等所有相关费用。","座",1,75,75,null,0]
[46,"球磨铸铁井圈井盖  φ1200","1.检查井材质、规格：铸铁井盖（井盖甲供）\n2.井盖安装：井盖安装前应复合井筒长度，切去多余部分，切割后的井筒顶面水平、平整。污水井盖与雨水井盖严格区分、不得混淆；井盖、承压圈和井筒轴心应对准，安装后将井周回填材料回填至设计要求的高度，检查井施工具体做法详16S524。\n3.综合单价含完成该工作所需的人工，材料（含主材、辅材、周转材料），机械费（含机械的进出场费），措施费（安全文明施工费、季节性施工、临时设施、夜间施工、二次搬运等）、规费、税金等所有相关费用。","座",1,75,75,null,0]
[47,"雨水口--硬质区域","1.雨水篦子及圈口材质、型号、规格：300*600成品符合材料篦子（篦子甲供）\n2.垫层材质及厚度 ：100厚C15混凝土垫层；\n3.砌筑材料品种、规格：Mu10页岩砖砌筑雨水口；\n4.砂浆强度等级及配合比：M7.5水泥砂浆砌筑；\n5.抹灰砂浆及厚度：20厚1:2防水性水泥砂浆；\n6.其他要求：3mm厚304不锈钢收边，雨篦子上覆细不锈钢丝网一层,孔隙为4~6mm，散铺50厚φ8~10黑色机制抛光砾石散铺；\n7.其余做法满足规范及验收要求。\n8.综合单价含完成该工作所需的人工，材料（含主材、辅材、周转材料），机械费（含机械的进出场费），措施费（安全文明施工费、季节性施工、临时设施、夜间施工、二次搬运等）、规费、税金等所有相关费用。","座",6,120,720,null,0,"=DISPIMG(\"ID_1C763AC9CB244B7CBC5E2EE432AE29EB\",1)"]
[48,"雨水口--绿化区域","1.雨水篦子及圈口材质、型号、规格：300*600成品符合材料篦子（篦子甲供）\n2.垫层材质及厚度 ：100厚C15混凝土垫层；\n3.砌筑材料品种、规格：Mu10页岩砖砌筑雨水口；\n4.砂浆强度等级及配合比：M7.5水泥砂浆砌筑；\n5.抹灰砂浆及厚度：20厚1:2防水性水泥砂浆；\n6.其余做法满足规范及验收要求。\n7.综合单价含完成该工作所需的人工，材料（含主材、辅材、周转材料），机械费（含机械的进出场费），措施费（安全文明施工费、季节性施工、临时设施、夜间施工、二次搬运等）、规费、税金等所有相关费用。","座",1,120,120,null,0,"=DISPIMG(\"ID_FB377168EA224E8ABD02672976E245DC\",1)"]
[49,"溢流井","1.垫层、基础材质及厚度 ：100厚C20混凝土垫层\n2.砌筑材料品种、规格、强度等级 ：MU10标砖标准砖砌筑；\n3.勾缝、抹面要求： 20厚1:2.5水泥砂浆抹面掺5%防水粉；\n4.砂浆强度等级、配合比 ：M7.5水泥砂浆砌筑\n5.盖板材质、规格： 成品溢流井盖（井盖甲供）\n6.具体做法详施工图并满足规范及验收要求。\n7.综合单价含完成该工作所需的人工，材料（含主材、辅材、周转材料），机械费（含机械的进出场费），措施费（安全文明施工费、季节性施工、临时设施、夜间施工、二次搬运等）、规费、税金等所有相关费用。","座","60",220,13200,null,0,"=DISPIMG(\"ID_1A69EDC4B7DC405DB7E3BCCBD4EAEE0C\",1)"]
[50,"隔油池GG-3SF","做法详图集04S519","座",1,12000,12000,null,0]
[51,"格栅池5m*2m","1.垫层厚度、混凝土强度等级：100厚C15混凝土垫层；\n2.池底、池壁及顶板混凝土强度等级：C30混凝土,抗渗等级P6;\n3.钢筋规格、型号：HRB300/HPB400钢筋，规格综合考虑；\n5.其余做法详见设计图纸LS006（图集所示所有内容）。","座",1,32000,32000,null,0]
[52,"消防水池，300m³","1.基坑土石方：土石方综合考虑，土石方外运距离投标人自行考虑；\n2.垫层厚度、混凝土强度等级：100厚C15混凝土垫层；\n3.池底厚度及混凝土强度等级：250厚C30混凝土池底；\n4.池壁厚度及混凝土强度等级：500厚C30混凝土池底；\n5.钢筋规格、型号：HRB300/HPB400钢筋，规格综合考虑；\n6.具体做法详见标准图集22S804-P64（图集所示所有内容）。","座",1,169260,169260,null,0]
[null,"分部小计 ：",""," "," ",null,302651,null,{"v":0,"d":"0.00"}]
[null,"水表井",null," "," ",{"$nulls":4},"=DISPIMG(\"ID_C69E1F96A21A44B19E0246E8876473A8\",1)"]
[53,"C15混凝土垫层","1.垫层、基础材质及厚度 ：100厚C15混凝凝土垫层\n2.综合单价含完成该工作所需的人工，材料（含主材、辅材、周转材料），机械费（含机械的进出场费），措施费（安全文明施工费、季节性施工、临时设施、夜间施工、二次搬运等）、规费、税金等所有相关费用。","m³",7.5,451.1,3383.25,null,0]
[54,"C25混凝土板","1.垫层、基础材质及厚度:200厚钢筋混凝土地板（钢筋另计）；\n2.混凝土强度等级 ：C25商品砼（混凝土浇筑方式投标人综合考虑，费用不另计）；\n3.包含模板支护，费用不再另计；\n4.综合单价含完成该工作所需的人工，材料（含主材、辅材、周转材料），机械费（含机械的进出场费），措施费（安全文明施工费、季节性施工、临时设施、夜间施工、二次搬运等）、规费、税金等所有相关费用。","m3",13.02,505,6575.1,null,0]
[55,"砖砌体","1.砌筑材料品种、规格、强度等级 ：MU10标砖标准砖砌筑； \n2.砂浆强度等级、配合比 ：M10水泥砂浆砌筑；\n3.具体做法详设计、满足规范要求；\n4.综合单价含完成该工作所需的人工，材料（含主材、辅材、周转材料），机械费（含机械的进出场费），措施费（安全文明施工费、季节性施工、临时设施、夜间施工、二次搬运等）、规费、税金等所有相关费用。","m3",48.6,604.2,29364.12,null,0]
[56,"水泥砂浆抹灰","1.砂浆厚度、配合比 ：20厚1：3；\n2.做法要求：满足设计及现行施工技术、质量验收规范要求","m2",68.32,24,1639.68,null,0]
[57,"现浇构件钢筋","1.钢筋种类、规格：钢筋规格综合考虑，满足设计要求；\n2.具体做法满足规范要求；具体做法满足规范要求；\n3.综合单价含完成该工作所需的人工，材料（含主材、辅材、周转材料），机械费（含机械的进出场费），措施费（安全文明施工费、季节性施工、临时设施、夜间施工、二次搬运等）、规费、税金等所有相关费用。","t",1.532,6200,9498.4,null,0]
[58,"预制钢筋混凝土盖板","1.混凝土强度等级 ：C25混凝土；\n2.钢筋种类、规格 ：HRB335，规格综合；\n3.具体做法满足规范要求；\n4.综合单价含完成该工作所需的人工，材料（含主材、辅材、周转材料），机械费（含机械的进出场费），措施费（安全文明施工费、季节性施工、临时设施、夜间施工、二次搬运等）、规费、税金等所有相关费用。","套",8,1400,11200,null,0]
[59,"井盖及支座安装","1.井盖：成品井盖（井盖甲供）\n2.具体做法满足规范要求；\n3.综合单价含完成该工作所需的人工，材料（含主材、辅材、周转材料），机械费（含机械的进出场费），措施费（安全文明施工费、季节性施工、临时设施、夜间施工、二次搬运等）、规费、税金等所有相关费用。","套",8,75,600,null,0]
[null,"分部合计：",{"$nulls":4},62260.55,null,{"v":0,"d":"0.00"}]
[null,"跌水井",{"$nulls":7},"=DISPIMG(\"ID_3C809015C0FA4E678F02EAF05F8B080A\",1)"]
[60,"块石垫层","1.垫层材料种类、配合比、厚度：300厚M7.5水泥砂浆砌Mu30块石垫层\n2.综合单价含完成该工作所需的人工，材料（含主材、辅材、周转材料），机械费（含机械的进出场费），措施费（安全文明施工费、季节性施工、临时设施、夜间施工、二次搬运等）、规费、税金等所有相关费用。","m3",66.99,200,13398,null,0]
[61,"混凝土砌块砌体","1.垫层、基础材质及厚度 \r\n2.砌筑材料品种、规格、强度等级 \r\n3.勾缝、抹面要求 \r\n4.砂浆强度等级、配合比 \r\n5.混凝土强度等级 \r\n6.盖板材质、规格 \r\n7.井盖、井圈材质及规格 \r\n8.踏步材质、规格 \r\n9.防渗、防水要求","m3",69.6,600,41760,null,0]
[62,"C25混凝土井底","1.垫层、基础材质及厚度:200厚钢筋混凝土地板（钢筋另计）；\n2.混凝土强度等级 ：C25商品砼（混凝土浇筑方式投标人综合考虑，费用不另计）；\n3.包含模板支护，费用不再另计；\n4.综合单价含完成该工作所需的人工，材料（含主材、辅材、周转材料），机械费（含机械的进出场费），措施费（安全文明施工费、季节性施工、临时设施、夜间施工、二次搬运等）、规费、税金等所有相关费用。","m3",76.56,505,38662.8,null,0]
[63,"钢筋C25混凝土井壁","1.垫层、基础材质及厚度:300厚钢筋混凝土地板（钢筋另计）；\n2.混凝土强度等级 ：C25商品砼（混凝土浇筑方式投标人综合考虑，费用不另计）；\n3.包含模板支护，费用不再另计；\n4.综合单价含完成该工作所需的人工，材料（含主材、辅材、周转材料），机械费（含机械的进出场费），措施费（安全文明施工费、季节性施工、临时设施、夜间施工、二次搬运等）、规费、税金等所有相关费用。","m3",189.75,600,113850,null,0]
[64,"现浇构件钢筋","1.钢筋种类、规格：钢筋规格综合考虑，满足设计要求；\n2.具体做法满足规范要求；\n3.综合单价含完成该工作所需的人工，材料（含主材、辅材、周转材料），机械费（含机械的进出场费），措施费（安全文明施工费、季节性施工、临时设施、夜间施工、二次搬运等）、规费、税金等所有相关费用。","t",15.573,6200,96552.6,null,0]
[65,"预制钢筋混凝土盖板","1.混凝土强度等级 ：C25混凝土；\n2.钢筋种类、规格 ：HRB335，规格综合；\n3.具体做法满足规范要求；\n4.综合单价含完成该工作所需的人工，材料（含主材、辅材、周转材料），机械费（含机械的进出场费），措施费（安全文明施工费、季节性施工、临时设施、夜间施工、二次搬运等）、规费、税金等所有相关费用。","套",29,350,10150,null,0]
[66,"井盖及支座安装","1.井盖：成品井盖（井盖甲供）\n2.具体做法满足规范要求；\n3.综合单价含完成该工作所需的人工，材料（含主材、辅材、周转材料），机械费（含机械的进出场费），措施费（安全文明施工费、季节性施工、临时设施、夜间施工、二次搬运等）、规费、税金等所有相关费用。","套",29,75,2175,null,0]
[67,"爬梯制作、安装","1、爬梯材质：GRP成品；\n2.具体做法满足规范要求；\n3.综合单价含完成该工作所需的人工，材料（含主材、辅材、周转材料），机械费（含机械的进出场费），措施费（安全文明施工费、季节性施工、临时设施、夜间施工、二次搬运等）、规费、税金等所有相关费用。","个",493,15,7395,null,0]
[null,"分部合计：",{"$nulls":4},323943.4,null,{"v":0,"d":"0.00"}]
[null,"检查井",{"$nulls":7},"=DISPIMG(\"ID_4F0C87667351444C8F6E49F78713EA18\",1)"]
[68,"C15混凝土垫层","1.垫层、基础材质及厚度 ：100厚C15混凝凝土垫层\n2.综合单价含完成该工作所需的人工，材料（含主材、辅材、周转材料），机械费（含机械的进出场费），措施费（安全文明施工费、季节性施工、临时设施、夜间施工、二次搬运等）、规费、税金等所有相关费用。","m³",10.88,451.1,4907.968,null,0]
[69,"C25混凝土底板","1.垫层、基础材质及厚度:200厚钢筋混凝土地板（钢筋另计）；\n2.混凝土强度等级 ：C25商品砼（混凝土浇筑方式投标人综合考虑，费用不另计）；\n3.包含模板支护，费用不再另计；\n4.综合单价含完成该工作所需的人工，材料（含主材、辅材、周转材料），机械费（含机械的进出场费），措施费（安全文明施工费、季节性施工、临时设施、夜间施工、二次搬运等）、规费、税金等所有相关费用。","m3",17.92,505,9049.6,null,0]
[70,"砖砌体","1.砌筑材料品种、规格、强度等级 ：MU10标砖标准砖砌筑； \n2.砂浆强度等级、配合比 ：M10水泥砂浆砌筑；\n3.具体做法满足设计、规范要求；\n4.综合单价含完成该工作所需的人工，材料（含主材、辅材、周转材料），机械费（含机械的进出场费），措施费（安全文明施工费、季节性施工、临时设施、夜间施工、二次搬运等）、规费、税金等所有相关费用。","m3",92.48,604.2,55876.416,null,0]
[71,"水泥砂浆抹灰","1.砂浆厚度、配合比 ：20厚1：3；\n2.做法要求：满足设计及现行施工技术、质量验收规范要求","m2",144.69,24,3472.56,null,0]
[72,"现浇构件钢筋","1.钢筋种类、规格：钢筋规格综合考虑，满足设计要求；\n2.具体做法满足规范要求；\n3.综合单价含完成该工作所需的人工，材料（含主材、辅材、周转材料），机械费（含机械的进出场费），措施费（安全文明施工费、季节性施工、临时设施、夜间施工、二次搬运等）、规费、税金等所有相关费用。","t",1.952,6200,12102.4,null,0]
[73,"预制钢筋混凝土井盖","1.混凝土强度等级 ：C25混凝土；\n2.钢筋种类、规格 ：HRB335，规格综合；\n3.具体做法满足规范要求；\n4.综合单价含完成该工作所需的人工，材料（含主材、辅材、周转材料），机械费（含机械的进出场费），措施费（安全文明施工费、季节性施工、临时设施、夜间施工、二次搬运等）、规费、税金等所有相关费用。","座",32,420,13440,null,0]
[74,"成品井圈井盖安装","1.井盖：成品井盖（井盖甲供）\n2.具体做法满足规范要求；\n3.综合单价含完成该工作所需的人工，材料（含主材、辅材、周转材料），机械费（含机械的进出场费），措施费（安全文明施工费、季节性施工、临时设施、夜间施工、二次搬运等）、规费、税金等所有相关费用。","个",32,75,2400,null,0]
[" ","分部小计 ",""," "," "," ",101248.944,null,{"v":0,"d":"0.00"}]
[" ","合计：",""," "," "," ",{"v":1839539.94,"d":"1,839,539.94"},null,{"v":0,"d":"0.00"}]